Online Catalogue and eLibrary

Talkshops : (Record no. 2936)

MARC details
000 -LEADER
fixed length control field 00489nam a2200169Ia 4500
005 - DATE AND TIME OF LATEST TRANSACTION
control field 20240605032031.0
008 - FIXED-LENGTH DATA ELEMENTS--GENERAL INFORMATION
fixed length control field 240331s9999 xx 000 0 und d
082 ## - DDC Classification
Item Number - Author Mark TAL
Class No. 370
100 ## - MAIN ENTRY--PERSONAL NAME
Personal name Fuglesang, A,
245 #0 - TITLE STATEMENT
Title Talkshops :
Remainder of title redd barna learning to talk with the young
260 ## - PUBLICATION, DISTRIBUTION, ETC.
Place of publication, distribution, etc. Colombo
Name of publisher, distributor, etc. Redd Barna Sri Lanka
Date of publication, distribution, etc. 1989
300 ## - PHYSICAL DESCRIPTION
Extent (e.g. Volumes, Pages etc.) 104, p.,
500 ## - GENERAL NOTE
General note This is the first report from Redd Barna's youth project.
700 ## - ADDED ENTRY--PERSONAL NAME
Personal name Fuglesang, A,
700 ## - ADDED ENTRY--PERSONAL NAME
Personal name Chandler,D
942 ## - Koha item type (Biblio)
Koha item type Books in Stacks (Lending)
Holdings
Lost status Damaged status Collection code Home library Current library Shelving location Date acquired Full call number Accession Number Item type
    Lending WERC Library WERC Library Social Science Cupboard 03/31/2024 370.11 TAL 757 Books in Stacks (Lending)

© WERC Library